000
00187 a2200097 4500
020
_a
9992463376
041
_a
spa
100
_a
Gallo,Pedro
245
_a
Codigo procesal penal
942
_c
BK
999
_c
10430
_d
10430